| 000 | 00541nam a2200181Ia 4500 | ||
|---|---|---|---|
| 999 |
_c13955 _d13955 |
||
| 003 | OSt | ||
| 005 | 20201102095552.0 | ||
| 008 | 190216s9999||||xx |||||||||||||| ||und|| | ||
| 020 | _a1851527192 | ||
| 040 | _coclc | ||
| 082 |
_a823.8 _bCOL/M |
||
| 100 |
_aCollins, Wilkie _94984 |
||
| 245 | 0 |
_aThe Moonstone, The Haunted Hotel, My Ladies Money / _cWilkie Collins |
|
| 260 |
_bChancellor Press, _c1994. _aLondon: |
||
| 300 | _a679p | ||
| 650 | _aEnglish Short Stories | ||
| 942 |
_cBK _2ddc _h823.8 _iCOL/M _k823.8 _mCOL/M |
||